Musicals by Song Title - Statistics

General Stats
  • This quiz has been taken 167 times
  • The average score is 10 of 15
Answer Stats
Question Answer % Correct
For Good Wicked
95%
Don't Cry for me Argentina Evita
89%
Seasons of Love Rent
88%
It's Quiet Uptown Hamilton
79%
I Hope I Get It A Chorus Line
75%
Macavity Cats
74%
Luck be a Lady Guys & Dolls
74%
Tonight West Side Story
72%
All I Ask of You The Phantom of the Opera
68%
Bring Him Home Les Misérables
67%
Surrey with the Fringe on Top Oklahoma
67%
Losing my Mind Follies
49%
By the Sea Sweeney Todd
49%
You're the Top Anything Goes
42%
I Could Have Danced All Night My Fair Lady
35%
No matching quizzes found
Score Distribution
Percent of People with Each Score
Percentile by Number Answered
Your Score History
You have not taken this quiz